عرض عادي
عرض مارك
- Alharbi, Yusra
دخول Personal Name
001 - CONTROL NUMBER
- control field: 28325
003 - CONTROL NUMBER IDENTIFIER
- control field: AE-AdECS
005 - DATE AND TIME OF LATEST TRANSACTION
- control field: 20260403105029.0
008 - FIXED-LENGTH DATA ELEMENTS
- fixed length control field: 260403|| aca||aabn | a|a d
040 ## - CATALOGING SOURCE
- Original cataloging agency: AE-AdECS
- Transcribing agency: AE-AdECS
100 ## - HEADING--PERSONAL NAME
- Personal name: Alharbi, Yusra
670 ## - SOURCE DATA FOUND
- Source citation: Work cat.: (AE-AdECS)294656: Alharbi, Yusra, author., Pathways to Effective Regionalism :
